00692nam a2200193 i 450000100060000000300090000600500170001500700030003200800410003510000390007624500950011525000120021026000510022230000220027370000350029585200310033099900170036195201200037825827ES-MaACL20230906153336.0t|030103s1948 sp ||||1| spa d1 aArellano Iturria, Santiago.92258710aBrasa y ceniza b: poesías / cSantiago Arellano Iturria ; con prólogo de Angel Dotor. a2ª ed. aPamplona : b[s.n., c1948] (fImp. Diocesana) a242 p. ; c18 cm.1 aDotor y Municio, Angel.945465 aES-MaACLjC-4942 bR.25906 c25827d25827 00104070aATENEOMbATENEOMcSPALd2008-01-17eSCl0oC-4942p1026641r2023-02-23 00:00:00w2023-02-23yMONOGRAFIA